| 000 | 00488nam a2200193Ia 4500 | ||
|---|---|---|---|
| 008 | 180207s9999 xx 000 0 und d | ||
| 020 | _a9781570644462 | ||
| 050 | _bB531 1999 | ||
| 100 | _aBernthal, Mark S. | ||
| 245 | _aGo to the zoo / | ||
| 245 | _cby Mark S. Bernthal ; photography by Dennis Full. | ||
| 260 | _aNew York : | ||
| 260 | _bScholastic, | ||
| 260 | _c1999 | ||
| 300 | _aunpaged : | ||
| 300 | _bcolor illustration ; | ||
| 300 | _c18cm. | ||
| 440 | _aBarney & BJ. | ||
| 999 |
_c355687 _d355687 |
||